Problemática de la ejecución forzosa en lo civil

Gorde:
Xehetasun bibliografikoak
Egile nagusia: Miguel y Alonso, Carlos de (autor)
Formatua: Liburua
Hizkuntza:gaztelania
Argitaratua: Madrid Revista de Derecho Procesal 1965
Gaiak:
Etiketak: Etiketa erantsi
Etiketarik gabe, Izan zaitez lehena erregistro honi etiketa jartzen!

MARC

LEADER 00000nam a2200000 a 4500
001 UCS0984
003 CL-VaPUC
008 970506e19650000SP |||||||||||||||||spa|d
082 0 4 |a 347.077  |b MIG  |2 21 
100 |a Miguel y Alonso, Carlos de  |e autor  |9 618409 
245 1 0 |a Problemática de la ejecución forzosa en lo civil 
300 |a 63 p 
942 |c BK 
945 |d 19970506 00:00:00  |a paguirre 
260 |a Madrid  |b Revista de Derecho Procesal  |c 1965 
500 |a Separata de la Revista de Derecho Procesal, N§4, Octubre-Diciembre de 1965 
650 0 |a Derecho procesal civil  |9 258071 
650 0 |a Procedimiento civil  |9 254870 
650 7 |a EJECUCION  |2 CL-VaPUC  |9 258070 
650 0 |a Sentencias  |9 256250 
650 0 |a Obligaciones   |9 255578 
583 |a last modification  |c 19970506 00:00:00  |k Rodrigo Vera 
999 |c 259099  |d 259097 
952 |0 0  |1 0  |2 ddc  |4 0  |6 347_077000000000000_MIG_1965  |7 0  |8 A  |9 283656  |a BIBDER  |b BIBDER  |d 2019-11-19  |i 1841009  |o 347.077 MIG 1965  |p 1841009  |r 2023-01-25  |w 2019-11-19  |y MX  |k DER